000 00291nam a2200121Ia 4500
005 20251222154331.0
008 251222s9999||||xx |||||||||||||| ||spa||
020 _a84-7530-815-5
082 _a320/S74
100 _a"Spencer,Herbert"
245 0 _aEl individuo contra el estado
942 _cLIB
999 _c34170
_d34170